书目信息 |
| 题名: |
无机高分子化合物
|
|
| 作者: | 宋克复 译 | |
| 分册: | ||
| 出版信息: | 上海 上海科学技术出版社 1963 |
|
| 页数: | 208页 | |
| 开本: | 20cm | |
| 丛书名: | ||
| 单 册: | ||
| 中图分类: | O635 | |
| 科图分类: | ||
| 主题词: | 高分子化学 , 高聚物 | |
| 电子资源: | ||
| ISBN: | ||
| 000 | 00607nam0 2200229 450 | |
| 001 | 0660266439 | |
| 005 | 20060801164610.39 | |
| 010 | @dCNY1.15 | |
| 100 | @a20060801d1963 km y0chiy0120 ea | |
| 101 | 0 | @achi |
| 102 | @aCN@b310000 | |
| 102 | @aCN@b310000 | |
| 200 | 1 | @a无机高分子化合物@Awu ji gao fen zi hua he wu@e文选@f宋克复译@Fsong ke fu yi |
| 210 | @a上海@c上海科学技术出版社@d1963 | |
| 215 | @a208页@d20cm | |
| 517 | 1 | @a文选@Awen xuan |
| 606 | 0 | @a高分子化学 |
| 606 | 0 | @a高聚物 |
| 690 | @aO635@v3 | |
| 701 | 0 | @a宋克复@Asong ke fu@4译 |
| 801 | 0 | @aCN@bPFT@c20060801 |
| 905 | @a10447@dO635@e47 | |
| 无机高分子化合物:文选/宋克复译.-上海:上海科学技术出版社,1963 |
| 208页;20cm |
| ISBN :CNY1.15 |
| ● |
| 相关链接 |
|
|
|
|
正题名:无机高分子化合物
索取号:O635/47
 
预约/预借
| 序号 | 登录号 | 条形码 | 馆藏地/架位号 | 状态 | 备注 |
| 1 | 0434438 | 204344389 | 密集书库/ [索取号:O635/47] | 在馆 |